K prognózam vývoja medzinárodného práva (verejného) ako súčasti medzinárodného prostredia Slovenskej republiky
Charakteristika medzinárodného prostredia Slovenskej republiky. Miesto medzinárodného práva (verejného) v medzinárodnom prostredí Slovenskej republiky. Vývoj medzinárodného práva v časovom horizonte do roku 2030. Predpokladaný vývin medzinárodného práva v rokoch 2007-2015
Gespeichert in:
| 1. Verfasser: | |
|---|---|
| Format: | Buchkapitel |
| Sprache: | Slowakisch |
| Schlagworte: | |
| Tags: |
Keine Tags, Fügen Sie das erste Tag hinzu!
|
MARC
| LEADER | 00000naa$a2200000$$$4500 | ||
|---|---|---|---|
| 001 | 0064269 | ||
| 005 | 20231102091924.0 | ||
| 041 | 0 | |a slo | |
| 044 | |a SK | ||
| 245 | 1 | 0 | |a K prognózam vývoja medzinárodného práva (verejného) ako súčasti medzinárodného prostredia Slovenskej republiky |c Štefan Šebesta |
| 520 | |a Charakteristika medzinárodného prostredia Slovenskej republiky. Miesto medzinárodného práva (verejného) v medzinárodnom prostredí Slovenskej republiky. Vývoj medzinárodného práva v časovom horizonte do roku 2030. Predpokladaný vývin medzinárodného práva v rokoch 2007-2015 | ||
| 610 | 2 | 0 | |a Slovensko |
| 610 | 2 | 0 | |a právo medzinárodné |
| 610 | 2 | 0 | |a globalizácia |
| 610 | 2 | 0 | |a normy právne |
| 610 | 2 | 0 | |a dokumenty vládne |
| 100 | 1 | |a Šebesta, Štefan | |